Statistics for U.S. Cities With the Hottest Summer Days

Click here to take the quiz!

General Stats

  • This quiz has been taken 94 times
  • The average score is 11 of 15

Answer Stats

TemperatureAnswer% Correct
94Houston
97%
106Phoenix
97%
97Austin
93%
96Dallas
93%
105Las Vegas
92%
100Tucson
90%
96San Antonio
88%
96El Paso
86%
94Oklahoma City
75%
98Fresno
67%
97Bakersfield
56%
95Riverside/San Bernardino
53%
97McAllen
43%
95Modesto
21%
94Provo
11%

Score Distribution

Percentile by Number Answered

Percent of People with Each Score

Your Score History

You have not taken this quiz